Królestwo Polskie, 1815-1916-1918

Titel: Królestwo Polskie, 1815-1916-1918 : Szkice z ustroju państwa / Piotr Żywiecki
Verfasser:
Veröffentlicht: Radzymin : Wydawnictwo von borowiec, 2025
Umfang: 171 Seiten
Format: Buch
Sprache: Polnisch
Schlagworte:
ISBN: 9788368105438
Buchumschlag
X
alg: 53538725
001A    $03004:14-11-25 
001B    $01999:11-03-26 $t12:28:59.000 
001D    $03004:05-12-25 
001U    $0utf8 
001X    $00 
002@    $0Aau 
002C    $aText $btxt $2rdacontent 
002D    $aohne Hilfsmittel zu benutzen $bn $2rdamedia 
002E    $aBand $bnc $2rdacarrier 
003@    $0535387253 
004A    $A978-83-68105-43-8 
007A    $0535387253 $aHEB 
007G    $0 
009P    $qapplication/pdf $A2 $3Buch Bibliographie $uhttp://scans.hebis.de/HEBCGI/show.pl?53538725_bib.pdf $mV:DE-603;B:DE-Mb50 
009P    $qapplication/pdf $A2 $3Cover $uhttp://scans.hebis.de/HEBCGI/show.pl?53538725_cov.pdf $mV:DE-603;B:DE-Mb50 
009P    $qapplication/pdf $A2 $3Inhaltsverzeichnis $uhttp://scans.hebis.de/HEBCGI/show.pl?53538725_toc.pdf $mV:DE-603;B:DE-Mb50 
010@    $apol 
010E    $erda 
011@    $a2025 
021A    $aKrólestwo Polskie, 1815-1916-1918 $dSzkice z ustroju państwa $hPiotr Żywiecki 
028A    $BVerfasser $4aut $7 $8Żywiecki, Piotr [Tnu] $9540010642 
033A    $pRadzymin $nWydawnictwo von borowiec 
034D    $a171 Seiten 
037A    $aQuellen- und Literaturverzeichnis Seite 159-[168] 
044K    $RPolen $RHerzogtum Warschau $#Królestwo Polskie $#Königreich Polen 1815-1918 $#Russisch-Polen $#Kongress-Polen $74437411-2 $8Kongresspolen [Tg1] $9088753549 
044K    $RStaat $RStaatsform $RHerrschaftssystem $#Régimes politiques $#political systems $#Politisches System $#politisches System $#Politisches System $#Regierungssystem $#Regierungsform $#Regierungssystem $74046584-6 $8Politisches System [Ts1] $9085130036 
045F    $a909 $eDDC23BSB 
045F/01 $a909 
045F/03 $f09034 
045F/03 $f09041 
045F/03 $g438 
045R    $aGeschichte 1815-1918 

lok: 53538725 24

exp: 53538725 24 1 #EPN
201B/01 $008-12-25 $t11:03:43.000 
201C/01 $014-11-25 
201U/01 $0utf8 
203@/01 $01322779082 
208@/01 $a08-12-25 $bz 
209A/01 $a25.06480 $du $f050 $h25 06480 $x00 
209C/01 $a25.06480 K $h25 06480 K 
209G/01 $a75145551 $x00 
220C/01 $ahae 
247C/01 $8358050-7 Marburg, Bibliothek des Herder-Instituts Marburg $9102600961
LEADER 00000cam a2200000 c 4500
001 535387253
003 DE-603
005 20260311122859.0
007 tu
008 251114s2025 xx |||| | u00||u|pol c
020 |a 9788368105438 
035 |a (DE-599)HEB535387253 
040 |a DE-603  |b ger  |c DE-603  |d DE-603  |e rda 
041 |a pol 
082 0 4 |8 1\u  |a 909  |q DE-101  |2 23/BSB 
085 |8 1\u  |b 909 
085 |8 1\u  |z 1  |s 09034 
085 |8 1\u  |z 1  |s 09041 
085 |8 1\u  |z 2  |s 438 
100 1 |a Żywiecki, Piotr  |e Verfasser  |4 aut  |0 (DE-603)540010642 
245 0 0 |a Królestwo Polskie, 1815-1916-1918  |b Szkice z ustroju państwa  |c Piotr Żywiecki 
264 1 |a Radzymin  |b Wydawnictwo von borowiec  |c 2025 
300 |a 171 Seiten 
336 |a Text  |b txt  |2 rdacontent 
337 |a ohne Hilfsmittel zu benutzen  |b n  |2 rdamedia 
338 |a Band  |b nc  |2 rdacarrier 
500 |a Quellen- und Literaturverzeichnis Seite 159-[168] 
648 7 |a Geschichte 1815-1918  |2 gnd 
650 7 |a Politisches System  |0 (DE-588)4046584-6  |0 (DE-603)085130036  |2 gnd 
651 7 |a Kongresspolen  |0 (DE-588)4437411-2  |0 (DE-603)088753549  |2 gnd 
856 4 2 |m V:DE-603;B:DE-Mb50  |q application/pdf  |u http://scans.hebis.de/HEBCGI/show.pl?53538725_bib.pdf  |3 Buch Bibliographie 
856 4 2 |m V:DE-603;B:DE-Mb50  |q application/pdf  |u http://scans.hebis.de/HEBCGI/show.pl?53538725_cov.pdf  |3 Cover 
856 4 2 |m V:DE-603;B:DE-Mb50  |q application/pdf  |u http://scans.hebis.de/HEBCGI/show.pl?53538725_toc.pdf  |3 Inhaltsverzeichnis 
924 0 |9 Mb 50  |a (DE-603)1322779082  |b DE-Mb50  |c HES  |d c  |g 25.06480